01194nam a2200277 a 450000100060000000300080000600500170001400800410003103500190007204000370009104100080012808200220013610000410015824501920019924600340039124600150042526000830044030000280052349000460055150001170059750000290071450000470074365000240079071000560081483000460087051023BD-RjUL20211209075611.0160828s1964 enk 000 0 eng  a(BD-RjUL)51143 aDLCcOUNdSERdEQOdBD-RjULbeng aeng a512.922bMAT 19641 aMansell, William Ernest,d1877-1953.10aTables of natural and common logarithms to 110 decimals :bincluded in the bequest to the British Association for the Advancement of Science /cby W.E. Mansell ; edited by A. J. Thompson.33aNatural and common logarithms38aLogarithms aCambridge : bpublished for the Royal Society at the University Press, c1964. axviii, 95 p. ; c29 cm.1 aRoyal Society mathematical tables ;vv. 8 aFrom the manuscripts included in the author's bequest to the British Association for the Advancement of Science. aSpine title: Logarithms. aHalf title: Natural and common logarithms. 0aLogarithmsvTables.2 aBritish Association for the Advancement of Science. 0aRoyal Society mathematical tables ;vv. 8